| 000 | 01274cam a2200373 i 4500 | ||
|---|---|---|---|
| 003 | EG-ScBUE | ||
| 005 | 20230313102915.0 | ||
| 008 | 980720r19981997enkabc f d 001 0 eng d | ||
| 020 | _a1857763858 | ||
| 020 | _a9781857763850 | ||
| 040 |
_aStDuBDS _beng _erda _cStDuBDS _dUk _dEG-ScBUE _dEG-ScBUE |
||
| 082 | 0 | 4 |
_a797.14 _bGLO _222 |
| 245 | 0 | 0 |
_aGlobal challenge : _bleadership lessons from 'the world's toughest yacht race' / _cHumphrey Walters [and three others] |
| 250 | _aThird printing. | ||
| 264 | 1 |
_aSussex, England : _bBook Guild, _c1998. |
|
| 300 |
_axvi, 290 pages : _billustrations (some color), maps, portraits (some color) ; _c24 cm |
||
| 336 |
_2rdacontent _atext _btxt |
||
| 337 |
_2rdamedia _aunmediated _bn |
||
| 338 |
_2rdacarrier _avolume _bnc |
||
| 500 | _aMap on lining papers. | ||
| 500 | _aIncludes glossary. | ||
| 650 | 7 |
_aLeadership. _2BUEsh |
|
| 650 | 7 |
_aExecutive ability. _2BUEsh _911399 |
|
| 650 | 7 |
_aTeamwork (Sports) _2BUEsh |
|
| 650 | 7 |
_aYacht racing. _2BUEsh |
|
| 650 | 7 |
_aTeams in the workplace. _2BUEsh |
|
| 650 | 7 |
_aVoyages around the world. _2BUEsh |
|
| 651 | _2BUEsh | ||
| 653 |
_bGGEN _cApril2019 |
||
| 655 | _vReading book | ||
| 700 | 1 |
_aWalters, Humphrey, _eauthor. |
|
| 942 |
_2ddc _cBB |
||
| 999 |
_c27406 _d27377 |
||